Statistiques concernant Top 50 des pays par leur connexion internet

Cliquez ici pour prendre le quiz!

Statistiques générales

  • Ce quiz a été pris 270 fois
  • Le résultat moyen est 40 sur 50

Statistiques - réponses

Vitesse de
connexion
(en Mbps)
Pays% Correct
32,89Etats-Unis
99%
30,44France
99%
36,06Espagne
97%
42,77Japon
96%
31,37Hong Kong (Chine)
94%
28,76Canada
93%
19,19Macao (Chine)
93%
19,18Corée du Sud
92%
24,64Allemagne
91%
16,36Australie
91%
22,37Royaume-Uni
91%
17,30Italie
90%
38,31Norvège
90%
55,18Suède
90%
29,34Finlande
89%
20,27Gibraltar (Royaume-Uni)
89%
18,26Guernesey (Royaume-Uni)
89%
67,46Jersey (Royaume-Uni)
89%
22,75Portugal
89%
38,85Suisse
88%
35,69Belgique
86%
49,19Danemark
84%
20,20Monaco
83%
40,21Pays Bas
83%
23,87Irlande
82%
24,38Pologne
81%
38,16Andorre
80%
41,69Luxembourg
80%
19,33Autriche
79%
32,74Lettonie
78%
30,66Lituanie
78%
32,72Nouvelle Zélande
78%
21,80Roumanie
77%
31,55Estonie
76%
27,83Slovénie
76%
31,10Hongrie
75%
22,13Islande
75%
17,22Croatie
74%
22,04Liechtenstein
73%
23,27République Tchèque
73%
29,45Slovaquie
73%
38,73Saint Marin
68%
19,17Serbie
68%
16,95Bulgarie
67%
70,86Singapour
67%
18,16Malte
65%
85,02Taïwan
64%
18,21Thaïlande
62%
23,86Malaisie
49%
22,57Madagascar
14%

Distribution des résultats

Percentile par nombre de réponses

% des personnes avec chaque résultat

Votre développement - résultats

Vous n’avez pas pris ce quiz